00409nam a2200157Ia 450000500170000000800410001704000190005804100120007708200130008910000140010224500390011626000330015530000120018865000410020085000100024120231221100622.0131103s9999 xx 000 0 und d aLoreto College aEnglish a428bTAT aTale,G.M. aOral English, Book 15, cG.M.Tale aLondonbReed Educationc1972 a193 p.  aOral English - Communicative English aLCLIB